Normal view
MARC view
- Lolli Claudio
Entry Personal Name
001 - CONTROL NUMBER
- control field: 4040
003 - CONTROL NUMBER IDENTIFIER
- control field: IT-RoPau
005 - DATE AND TIME OF LATEST TRANSACTION
- control field: 20131127150450.0
008 - FIXED-LENGTH DATA ELEMENTS
- fixed length control field: 131127|| aca||aabn | a|a d
040 ## - CATALOGING SOURCE
- Original cataloging agency: IT-RoPau
- Transcribing agency: IT-RoPau
100 ## - HEADING--PERSONAL NAME
- Personal name: Lolli Claudio
- Miscellaneous information: Codice interprete SPICS: 10989
- Relator term: Interprete
670 ## - SOURCE DATA FOUND
- Source citation: Work cat.: (IT-RoPau)101754: Lolli Claudio 4036, Antipatici antipodi (Lp 3C 064-18609)